000 01182naa a22003137a 4500
001 BR7405498
003 BR-BrBNA
005 20240918173627.0
007 ta
008 230509b bl.||||| |||| 00| 0 por d
040 _aBR-BrBNA
_bpor
_cBiblioteca Nacional de Agricultura
041 _a(Pt)
072 _aF00
_b1959
_b3575
090 _aF00 BR7405498
100 1 _aRibeiro, H.
100 1 _aBarros, E. de O.
111 1 _a11. Reuniao da Sociedade Brasileira de Zootecnia
_cFortaleza, CE (Brazil)
_d22 Jul 1974
245 1 _aInfluencia da tutoracao sobre a producao de sementes de Centrosema pubescens Benth
260 3 _aFortaleza, CE (Brasil):
_bUniversidade Federal do Ceara,
_c1974.
500 _aAnais da 11. Reuniao da Sociedade Brasileira de Zootecnia Fortaleza, CE (Brasil): Universidade Federal do Ceara, 1974. p. 269 (BR7405498-AM)F00
650 _aProducao vegetal
650 _aCentrosema
650 _aSemente
650 _aTutoramento
650 _aColheita
773 0 _tAnais da 11. Reuniao da Sociedade Brasileira de Zootecnia
_wF00 BR7405498
_gFortaleza, CE (Brasil), 1974. p. 269
909 _a202404
_bLucia
_c55
_dLucia Elande
942 _cAM
_2AGRIS
999 _c305834
_d305834